000 01060nam a2200193Ia 4500
999 _c38970
_d38970
001 5428
003 GE_BSU
005 20191023111545.0
008 181216s2012||||ge |||||||||||||| ||geo||
040 _cGE_BSU
041 _ageo
080 _a630(063) დ-26
245 _aდედამიწა - გლობალური ბუნებრივი კატაკლიზმები და ტყეები /
_bაჭარის ავტონომიური რესპ. მთავრ., საქ-ს მეცნ. აკადემიის აჭარის რეგიონალური სამეცნიერო ცენტრის ერთობლივი სამეცნიერო კონფერენციის ანგარიში (2012წლის 20-22აპრილი).
264 _aბათუმი :
_c2012.
300 _a242 გვ. ;
_b20 სმ.
653 _aდედამიწა;
653 _a ბუნებრივი კატაკლიზმები;
942 _cBK
_2udc